| 000 | 00870nam a22002415i 4500 | ||
|---|---|---|---|
| 001 | 176052 | ||
| 003 | ES-MaACL | ||
| 005 | 20230906215956.0 | ||
| 007 | t| | ||
| 008 | 101214s1960 sp a r ||||1| spa d | ||
| 080 | _a629.083 | ||
| 100 | 1 |
_aNávez, Fernand. _985229 |
|
| 245 | 1 | 0 |
_aAverías eléctricas del automóvil _b: (localización y reparación) / _cpor F. Návez ; versión en lengua española por G. Losada. |
| 260 |
_aBarcelona : _bJuan Bruguer, _c1960. |
||
| 300 |
_a295 p. : _bil. bl. y n. ; _c22 cm. |
||
| 490 | 1 |
_aBiblioteca práctica del automóvil ; _v3 |
|
| 594 | _aTít. original: Pannes électriques de l'automobile. | ||
| 650 | 4 |
_aAutomóviles- _xEquipo eléctrico. _9144295 |
|
| 700 | 1 |
_aLosada, G. _9144291 |
|
| 830 | 0 |
_aBiblioteca práctica del automóvil ; _v3 _9189921 |
|
| 852 |
_aES-MaACL _jE-13788 _xOlim P-774 |
||
| 999 |
_c176052 _d176052 |
||